Statistics for Fast typing test - 90 words

Click here to take the quiz!

General Stats

  • This quiz has been taken 16,909 times
  • The average score is 32 of 90

Answer Stats

Word Repeat % Correct
abaserabaser
98%
bowmenbowmen
96%
raisesraises
95%
breamsbreams
94%
malatemalate
93%
sighersigher
93%
relevereleve
91%
pinnaepinnae
90%
salvedsalved
89%
tuggedtugged
88%
unwrapunwrap
85%
tatarstatars
84%
washupwashup
81%
exonicexonic
81%
diploediploe
80%
falserfalser
80%
fetterfetter
79%
decanedecane
77%
impureimpure
76%
bailerbailer
76%
ordainordain
73%
juicerjuicer
73%
kickedkicked
71%
mummermummer
70%
keenerkeener
68%
ramoseramose
67%
lampadlampad
65%
manegemanege
59%
nimblenimble
56%
oleateoleate
50%
pinklypinkly
47%
outlawoutlaw
45%
loomedloomed
44%
kipperkipper
42%
phaticphatic
40%
wolveswolves
38%
zaireszaires
37%
wigglywiggly
36%
wingedwinged
34%
mercesmerces
31%
pavanspavans
31%
fornixfornix
30%
gristsgrists
26%
icemaniceman
25%
kationkation
22%
leagueleague
20%
severssevers
17%
yowingyowing
14%
thatchthatch
14%
buckosbuckos
12%
yamensyamens
11%
zingedzinged
10%
enrollenroll
10%
anonymanonym
10%
clasptclaspt
10%
orpineorpine
9%
spaceyspacey
9%
dimwitdimwit
8%
monkeymonkey
8%
nidatenidate
8%
undiesundies
8%
colobicolobi
7%
ligaseligase
7%
brughsbrughs
6%
levinslevins
6%
iconiciconic
5%
knavesknaves
5%
loumasloumas
5%
matzohmatzoh
5%
searersearer
5%
yelpedyelped
5%
insetsinsets
5%
juntasjuntas
5%
hitmanhitman
4%
gurglegurgle
4%
warmupwarmup
4%
friaryfriary
3%
expectexpect
3%
notionnotion
3%
psychopsycho
3%
uncoiluncoil
3%
polyolpolyol
2%
punkiepunkie
2%
roamerroamer
2%
torothtoroth
2%
echoerechoer
2%
venosevenose
2%
cornuscornus
2%
burgleburgle
2%
suaversuaver
2%

Score Distribution

Percentile by Number Answered

Percent of People with Each Score

Your Score History

You have not taken this quiz